Quizzes
Events
Quiz Creation
Community
Videos
Private Events
Remove Ads
Sign In
Join for FREE
Feedback
Dark Mode
Quiz Categories
Sports
Geography
Music
Movies
Television
Just For Fun
Miscellaneous
History
Literature
Language
Science
Gaming
Entertainment
Religion
Holiday
For Kids
Quiz Lab
Recent
Popular Today
Quiz Kudos Today
Editor Picks
Curator Picks
Quizzes by...
Day
Popularity
Type
Ratings
Length
Year
Community
Subscriptions
Recent Discussions
Orange Saloon
Badges
Playlists
Quests
Create
Leaderboards
Showdown
Live 5
Trivia Bingo
Activity
Puzzle Library
Sporcle Events
Private Events
Virtual Trivia
Globe League
Become a Host
Pub Owners
SporcleCon
Opinionation
Our Games
Videos
Blog
Mobile Apps
Partnerships
Remove Ads and Go Orange
Feedback
Literature
Harry Potter
A Song of Ice and Fire
The Hunger Games
Literary Character
Shakespeare
Book
Author
Novel
Poem
Young Adult
Children's Books
Play
Lord of the Rings
Literature
Harry Potter
A Song of Ice and Fire
The Hunger Games
Literary Character
Shakespeare
Book
Author
Novel
Poem
Young Adult
Children's Books
Play
Lord of the Rings
Random Quiz
Search Sporcle
×
Quiz Lab
Quiz Lab
Literature
Nation
Type in answers that appear in a list
Type in answers that appear in a list
Classic
Best Score? Go Orange.
Empire 50 Greatest Comic Book Characters Stats
Can you name the Empire 50 Greatest Comic Book Characters?
By
Tom_W_32123
10m
50 Questions
261 Plays
261 Plays
261 Plays
Comments
Comments
Give Quiz Kudos
Give Quiz Kudos
-
- Ratings
hide this ad
More Info
Replay
Link that replays current quiz
Next Quiz
Link to next quiz in quiz playlist
You Got
0%
They Got
Avg Score
40%
Avg Friend Score
Upgrade to see
Score Distribution
Jump to the score distribution portion of the page
Score
0/50
Timer
10:00
0
Plays Today
Position
Character
% Correct
1
Superman
96.9%
2
Batman
96.6%
5
Spiderman
91.2%
4
Wolverine
87.7%
21
Captain America
81.6%
14
The Hulk
81.6%
20
Wonder Woman
80.8%
17
Iron Man
78.9%
8
The Joker
78.5%
41
Green Lantern
77%
9
Magneto
74.3%
10
The Thing
69.3%
37
Daredevil
57.9%
25
Dr Doom
52.1%
50
Spawn
47.1%
45
Dead Pool
46.4%
19
The Punisher
46.4%
33
Venom
43.3%
16
Rorschach
43.3%
29
Swamp Thing
39.5%
35
Hellboy
37.9%
34
Dr Strange
36.4%
3
John Constantine
36%
15
Death
35.2%
6
Dream
34.5%
Position
Character
% Correct
7
Judge Dredd
33.3%
30
Emma Frost
28%
32
Lex Luther
27.6%
11
Jesse Custer
26.1%
46
J Jonah Jameson
25.7%
12
Spider Jerusalem
25.7%
26
Marv
24.5%
40
Scott Pilgrim
23.4%
42
The Saint of Killers
21.1%
28
The Tick
18.8%
31
Usagi Yojimbo
18.4%
47
Apollo and the Midnighter
17.2%
38
Cerebus
16.9%
49
Captain Haddock
16.5%
36
Agent Graves
16.5%
44
Jenny Sparks
15.7%
39
The Mekon
15.7%
22
Hunter Rose
14.6%
13
Vladek Spiegelman
14.6%
24
Deena Pilgrim
14.2%
43
Astro Boy
13.8%
48
Harvey Pekar
12.6%
18
Halo Jones
12.6%
23
Obelix
12.3%
27
Johnny Alpha
9.2%
Quiz Playlist
Details
Report
Send in Message
Add To Playlist
More Info:
Guess the greatest comic book characters according to empire magazine
Classic:
Type in answers that appear in a list
Quiz Source
Last Updated: Feb 16, 2017
Quiz Scoreboard
CHALLENGE
Sign Up to Join the Scoreboard
Show All
Scores
Hide
Comments
May contain spoilers
Recently Published
Click the 1999 NBA Draft
by nibperrychub
Sports
2m
Alphabetical 'K' Countries by Flag Minefield
by ylime102
Geography
3m
Pick 6: Fruits
by JohnFran
Miscellaneous
15s
More to Explore
Quiz From the Vault
Featured Blog Post
15 Basketball Trivia Facts You Can Be March Mad About
hide this ad
You Might Also Like...
Tags
Book Quiz
Comic Books Quiz
Football Quiz
Nation Quiz
appearance
Character
empire
greatest
Today's Top Quizzes in Literature
Browse Literature
hide this ad
Today's Top Quizzes in Nation
Browse Nation
Top Contributed Quizzes in Literature
1
Season Plays
2
Harry Potter Characters: Logic Puzzle
3
Pick 3: Harry Potter Hogwarts Quidditch Players
4
Harry Potter Logic Quiz New
5
4-to-1 Blitz: Harry Potter
6
A Court of Thorns and Roses (ACoTaR) Criteria Quiz
7
Word Ladder: King's 'The Stand'
8
percy jackson logic puzzle
9
Literature Acrostic Puzzle
10
Dumbledore's Army Logic Puzzle
Explore More
Trending Topics
Disney
NBA
Harry Potter
Kpop
Anime
Marvel
Crossword
Country
Pokémon
Puzzle
NFL
The Office
WWE
Soccer
Song
hide this ad
More By:
Tom_W_32123
Quiz
Plays
Rating
Category
Featured
Created
Empire 50 Sexiest Women
1,530
2.67
Movies
Sep 9, 2010
Empire Top 20 Pixar Characters
1,038
3.40
Movies
Sep 12, 2010
Empire 50 Greatest Movie Sequels
836
2.25
Movies
Sep 10, 2010
Empire Top 20 Directors
403
2.33
Movies
Sep 12, 2010
Empire Top 50 Game Characters
275
2.00
Gaming
Sep 9, 2010
Go to Creator's Profile
Score Distribution
Quiz Creator Spotlight
Tom_W_32123
Follow
Send a Message
Quizzes Created
-
Created Quiz Play Count
-
More By This Creator
Popular Quizzes Today
1
Countries of Asia Without Outlines Minefield
2
Find the US States - No Outlines Minefield
3
Pick 6: Fruits
4
Alphabetical 'K' Countries by Flag Minefield
5
The Countries of the World
6
Find the US States
7
US States
8
Match the Book to the Film X
More Literature Quizzes
Author by Movie Scene
Published
Trending Quizzes
Pick 6: Mountains
Pick 6: Harry Potter
Pick 6: NFL Teams
Pick 6: Movie Franchises
Pick 6: Golfers
Recently Updated
NWSL Teams
pecheneg
Women's Final Four Teams by Year
bhenderson79
Presidents Quartet II
eogle
Anything But Clue(do)
eogle
Anything But Oceanian Capitals
eogle
Anything But 7
eogle
Anything But Thing
eogle
Word Ladder: February 29
pecheneg
Song Title Questions
pecheneg
Women's NCAA Tournament #1 Seeds
pecheneg
Trending Topics
NBA
Disney
Marvel
Harry Potter
Crossword
Anime
Kpop
Country
Soccer
Pokémon
The Office
WWE
NFL
Song
Puzzle
Your Account Isn't Verified!
In order to create a playlist on Sporcle, you need to verify the email address you used during registration. Go to your
Sporcle Settings
to finish the process.
Report this User
Report this user for behavior that violates our
Community Guidelines
.
Details:
Send Report
Go to the Sporcle.com Mobile Site →
Comments